000 00577nam a2200241Ia 4500
003 OSt
005 20220912152007.0
006 a|||||r|||| 00| 0
007 ta
008 220909b |||||||| |||| 00| 0 eng d
024 _a62404
037 _cTextual
040 _aCSL
_beng
_cCSL
041 _aeng
082 _aL:63:C5, H1
100 _aBlum H F
245 0 _aPhotodynamic action and dieseases caused by light
260 _c1941
300 _ap.
_ccm.
650 _aMedicine
942 _hL:63:C5, H1
_cTEXL
_2CC
999 _c78838
_d78838